Η επιχείρηση στην αυγή του 21ου αιώνα
Αποθηκεύτηκε σε:
| Συγγραφή απο Οργανισμό/Αρχή: | |
|---|---|
| Μορφή: | Βιβλίο |
| Γλώσσα: | Greek English |
| Δημοσίευση: |
Χίος :
Τμήμα Διοίκησης Επιχειρήσεων,
1997
|
| Θέματα: | |
| Ετικέτες: |
Προσθήκη ετικέτας
Δεν υπάρχουν, Καταχωρήστε ετικέτα πρώτοι!
|
MARC
| LEADER | 00000cam a2200000 i 4500 | ||
|---|---|---|---|
| 001 | 1/17920 | ||
| 008 | 010306s1997 gre d | ||
| 035 | |l 10066307 | ||
| 040 | |a GR-MY-UA |b gre |e aacr | ||
| 041 | 0 | |a gre |h eng | |
| 082 | 0 | |a 658 | |
| 110 | 1 | |a Πανεπιστήμιο Αιγαίου |b Σχολή Επιστημών της Διοίκησης |b Τμήμα Διοίκησης Επιχειρήσεων - Τ.Δ.Ε. | |
| 245 | 1 | 2 | |a Η επιχείρηση στην αυγή του 21ου αιώνα / |c Πανεπιστήμιο Αιγαίου |
| 260 | |a Χίος : |b Τμήμα Διοίκησης Επιχειρήσεων, |c 1997 | ||
| 300 | |a 338 σ.; |c 24 εκ. | ||
| 500 | |a Η έκδοση του τόμου αποφασίστηκε με την ευκαιρία συμπλήρωσης δέκα ετών από την ίδρυση του Τμήματος Διοίκησης Επιχειρήσεων του Πανεπιστημίου Αιγαίου | ||
| 504 | |a Περιέχει βιβλιογραφία | ||
| 650 | 0 | 0 | |a Industrial management |y 21st century. |
| 650 | 0 | 0 | |a Management |y 21st century. |
| 852 | |a INST |b CHIOS |e 20031003 |h 658.00905 ΠΑΝ |p 005200013849 |q 005200013849 |t BK |y 0 | ||
| 852 | |a INST |b CHIOS |e 20020402 |h 658.00905 ΠΑΝ |p 005200019876 |q 005200019876 |t BK |y 0 | ||
| 852 | |a INST |b CHIOS |e 20010405 |h 658.00905 ΠΑΝ |p 005200021194 |q 005200021194 |t BK |y 0 | ||
| 852 | |a INST |b CHIOS |e 20010405 |h 658.00905 ΠΑΝ |p 005200021195 |q 005200021195 |t BK |y 0 | ||
| 852 | |a INST |b CHIOS |e 20010405 |h 658.00905 ΠΑΝ |p 005200021196 |q 005200021196 |t BK |y 0 | ||
| 852 | |a INST |b CHIOS |e 20010405 |h 658.00905 ΠΑΝ |p 005200021197 |q 005200021197 |t BK |y 0 | ||
| 852 | |a INST |b CHIOS |e 20010405 |h 658.00905 ΠΑΝ |p 005200021198 |q 005200021198 |t BK |y 0 | ||
| 852 | |a INST |b LESVOS |e 20010306 |h 658 ΠΑΝ |p 005100029101 |q 005100029101 |t BK |y 0 | ||
| 852 | |a INST |b LESVOS |e 20010306 |h 658 ΠΑΝ |p 005100029102 |q 005100029102 |t BK |y 0 | ||
| 852 | |a INST |b LESVOS |e 20010306 |h 658 ΠΑΝ |p 005100029103 |q 005100029103 |t BK |y 0 | ||
| 852 | |a INST |b LESVOS |e 20010306 |h 658 ΠΑΝ |p 005100029111 |q 005100029111 |t BK |y 0 | ||
| 852 | |a INST |b LESVOS |e 20010306 |h 658 ΠΑΝ |p 005100029112 |q 005100029112 |t BK |y 0 | ||
| 852 | |a INST |b RHODES |e 20010327 |h 658 ΠΑΝ |p 005400017085 |q 005400017085 |t BK |y 0 | ||
| 852 | |a INST |b SAMOS |e 20020409 |h 658 ΠΑΝ |p 005300020150 |q 005300020150 |t BK |y 0 | ||
| 852 | |a INST |b SAMOS |e 20020208 |h 658 ΠΑΝ |p 005300020352 |q 005300020352 |t BK |y 0 | ||
| 852 | |a INST |b SAMOS |e 20010829 |h 658 ΠΑΝ |p 005300020946 |q 005300020946 |t BK |y 0 | ||
| 852 | |a INST |b SYROS |e 20010328 |h 658 ΠΑΝ |p 005500001308 |q 005500001308 |t BK |y 0 | ||
| 852 | |a INST |b SYROS |e 20010306 |h 658 ΠΑΝ |p 005500001356 |q 005500001356 |t BK |y 0 | ||
| 901 | |a BIBL2-2003-3 | ||
| 901 | |a BIBL3-2002-1 | ||
| 901 | |a BIBL3-2001-2 | ||
| 901 | |a BIBL5-2001-1 | ||
| 901 | |a BIBL4-2001-1 | ||
| 901 | |a BIBL2-2001-1 | ||
| 901 | |a BIBL2-2002-1 | ||
| 920 | |a ΚΑΤΣΙΚΑΣ |b ΣΩΚΡΑΤΗΣ |y ΣΑΜΟΣ |z 2002-02 | ||
| 920 | |b ΤΜΗΜΑ ΔΙΟΙΚΗΣΗΣ ΕΠΙΧΕΙΡΗΣΕΩΝ |y ΧΙΟΣ |z 2001-04 | ||
| 920 | |a ΤΜΗΜΑ ΔΙΟΙΚΗΣΗΣ ΕΠΙΧΕΙΡΗΣΕΩΝ |y ΧΙΟΣ |z 2001-03 | ||
| 922 | |a 4ΔΩΡ |b 200103 |c ΔΩΡΕΑ | ||
| 970 | |a ΚΟΝΤΟΥ |b ΠΑΡΑΣΚΕΥΗ |z 2001/03/06 | ||